000 00817nam a2200205 4500
005 20210818231416.0
008 210818s1990 pe a|||fr|||| 001 0 spa d
040 _aCENDOC CAAAP
_bspa
_cCAAAP
041 _aspa
050 _aHA 1068.RA5
_bP45
245 _aRegión Amazonas :
_bcompendio estadístico 1989-1990
250 _a1ra ed.
260 _aLima:
_bINEI,
_c1990
300 _a129 p.
505 _aContiene : Territorio -- Población -- Educación y cultura -- Salud --Vivienda --Cuentas regionales --Agropecuario -- Pesca --Energía y minas -- Manufacturas -- Transportes y comunicaciones --Turismo --Trabajo, interior y justicia -- Precios --Moneda y finanzas públicas.
650 1 0 _93282
_aEstadísticas
650 2 0 _9252
_aCondiciones Sociales
651 0 _962
_aAmazonas
942 _2lcc
_b19 - 08 - 21
_cBK
999 _c2248
_d2248